[Event "14PCR_PF02"]
[Site "?"]
[Date "2003.??.??"]
[Round "?"]
[White "Glembek, Bohumir"]
[Black "Simunek, Jiri"]
[Result "1-0"]
[WhiteElo "2115"]
[BlackElo "1800"]
[PlyCount "51"]
[EventDate "2003.??.??"]
[EventType "tourn (corr)"]
[EventRounds "2"]
[SourceDate "2004.??.??"]

1. d4 e6 2. c4 Bb4+ 3. Bd2 Qe7 4. g3 Bxd2+ 5. Nxd2 d6 6. Bg2 Nf6 7. Ngf3 O-O 8.
O-O e5 9. e3 Re8 10. dxe5 dxe5 11. Ng5 Rd8 12. Qc2 h6 13. Nge4 Nc6 14. Qb3 Nxe4
15. Nxe4 b6 16. Nc3 Rd6 17. Rad1 Bb7 18. Nd5 Qd8 19. c5 Rd7 20. Qa4 Nd4 21.
Ne7+ Qxe7 22. Bxb7 b5 23. Qa5 Ne2+ 24. Kg2 Rxd1 25. Rxd1 Rd8 26. Qe1 1-0

[Event "14PCR_PF02"]
[Site "?"]
[Date "2003.??.??"]
[Round "?"]
[White "Trs, Jan"]
[Black "Portych, Vaclav"]
[Result "1-0"]
[WhiteElo "2060"]
[BlackElo "2060"]
[PlyCount "83"]
[EventDate "2003.??.??"]
[EventType "tourn (corr)"]
[EventRounds "2"]
[SourceDate "2004.??.??"]

1. d4 Nf6 2. c4 e6 3. Nf3 b6 4. g3 Bb7 5. Bg2 Be7 6. O-O O-O 7. Nc3 Ne4 8. Qc2
Nxc3 9. Qxc3 c5 10. Rd1 d6 11. Bf4 Nd7 12. dxc5 Nxc5 13. Qc2 Rc8 14. b4 Na6 15.
Ng5 Bxg5 16. Bxb7 Nxb4 17. Qa4 Bxf4 18. Bxc8 Be5 19. Rac1 Nxa2 20. Qxa2 Qxc8
21. Qxa7 Qc6 22. Qa6 g6 23. e3 Rc8 24. Rb1 Qxc4 25. Qxc4 Rxc4 26. f4 Bc3 27.
Rxd6 Ba5 28. h4 Rc2 29. Kf1 h5 30. Rbd1 b5 31. Rd7 Rb2 32. Ra1 Rd2 33. Rb7 Bc3
34. Ra8+ Kg7 35. Raa7 Kg8 36. Rxf7 b4 37. Rfe7 Kf8 38. Rxe6 Rd8 39. Rxg6 b3 40.
Rb7 b2 41. Ke2 Rd2+ 42. Kf3 1-0

[Event "14PCR_PF02"]
[Site "?"]
[Date "2003.??.??"]
[Round "?"]
[White "Nosek, Jaroslav"]
[Black "Prib, Josef"]
[Result "1/2-1/2"]
[WhiteElo "2275"]
[BlackElo "2100"]
[PlyCount "73"]
[EventDate "2003.??.??"]
[EventType "tourn (corr)"]
[EventRounds "2"]
[SourceDate "2004.??.??"]

1. e4 d6 2. d4 Nf6 3. Nc3 g6 4. f4 Bg7 5. Nf3 O-O 6. Bd3 Nc6 7. O-O Bg4 8. Be3
e5 9. dxe5 dxe5 10. h3 exf4 11. Bc5 Bxf3 12. Qxf3 Ne5 13. Qxf4 Nxd3 14. cxd3
Nh5 15. Qf3 Bd4+ 16. Bxd4 Qxd4+ 17. Qf2 Rad8 18. Qxd4 Rxd4 19. Rf3 Ng7 20. Raf1
Ne6 21. Ne2 Rd7 22. a3 Rfd8 23. Nf4 Nd4 24. R3f2 c6 25. g4 Kg7 26. b4 a5 27. h4
axb4 28. axb4 Ra8 29. Rb2 Ra3 30. g5 h6 31. Kg2 h5 32. Rd1 Ne6 33. Nxe6+ fxe6
34. Kf3 Raxd3+ 35. Rxd3 Rxd3+ 36. Kf4 Rh3 37. Rd2 1/2-1/2

[Event "14PCR_PF02"]
[Site "?"]
[Date "2003.??.??"]
[Round "?"]
[White "Simunek, Jiri"]
[Black "Firla, Stanislav"]
[Result "1/2-1/2"]
[WhiteElo "1800"]
[BlackElo "2320"]
[PlyCount "125"]
[EventDate "2003.??.??"]
[EventType "tourn (corr)"]
[EventRounds "2"]
[SourceDate "2004.??.??"]

1. d4 d5 2. c4 e6 3. Nc3 c6 4. e3 Nf6 5. Bd3 Nbd7 6. Nf3 dxc4 7. Bxc4 b5 8. Bd3
Bb7 9. e4 b4 10. Na4 Qa5 11. e5 Nd5 12. O-O c5 13. dxc5 Nxc5 14. Nxc5 Bxc5 15.
Ng5 h6 16. Ne4 Be7 17. Qg4 Kf8 18. Rd1 h5 19. Qe2 Qc7 20. Ng5 h4 21. h3 Kg8 22.
Bd2 Rd8 23. Rac1 Qb8 24. Nf3 Rh5 25. Be4 Ba8 26. Be3 Rd7 27. Rd2 Bb7 28. Rcd1
Rc7 29. Bd4 Qa8 30. Qb5 a6 31. Qf1 Nf4 32. Bxb7 Qxb7 33. Nh2 b3 34. axb3 Bb4
35. Bc3 Bxc3 36. bxc3 Rxc3 37. Ng4 Rf5 38. Rb1 Qe4 39. Re1 Qb4 40. Ra2 Nd3 41.
Rd1 Nc5 42. Rad2 Rxb3 43. Rd4 Qb5 44. Qe1 Rd3 45. R4xd3 Nxd3 46. Qd2 Nxe5 47.
Qd8+ Kh7 48. Qxh4+ Kg6 49. Ne3 Rh5 50. Qe4+ f5 51. Qa8 Kh7 52. Rd6 Qb1+ 53. Nf1
f4 54. Rxe6 a5 55. Rd6 Rg5 56. h4 Rh5 57. Rd8 Ng6 58. Rd5 Rxh4 59. Qxa5 Rh6 60.
Qc3 Qe4 61. Qb3 Nh4 62. Rg5 Rg6 63. Rh5+ 1/2-1/2

[Event "14PCR_PF02"]
[Site "?"]
[Date "2003.??.??"]
[Round "?"]
[White "Pytlik, Lesek"]
[Black "Nosek, Jaroslav"]
[Result "1/2-1/2"]
[WhiteElo "2260"]
[BlackElo "2275"]
[PlyCount "124"]
[EventDate "2003.??.??"]
[EventType "tourn (corr)"]
[EventRounds "2"]
[SourceDate "2004.??.??"]

1. Nf3 d5 2. g3 Nf6 3. Bg2 c6 4. O-O Bg4 5. d4 Nbd7 6. Nbd2 e6 7. Re1 Be7 8. e4
O-O 9. e5 Ne8 10. h3 Bh5 11. Nb3 h6 12. a4 a5 13. Qe2 Nc7 14. Bd2 b6 15. c4 Bg6
16. Rac1 Ra7 17. cxd5 cxd5 18. Na1 Rb7 19. Nc2 b5 20. axb5 Rxb5 21. Bc3 a4 22.
Ra1 Qa8 23. Ra2 Qc6 24. Rc1 Ra8 25. Qd1 Nb6 26. Na3 Bxa3 27. bxa3 Nc4 28. Nd2
Nxd2 29. Bxd2 Qd7 30. Bb4 Rb7 31. Bf1 Rab8 32. Raa1 Na8 33. Rc5 Nb6 34. Rac1
Bf5 35. Kh2 Kh7 36. Ba6 Ra7 37. Qe2 Qd8 38. Rc6 Nc4 39. Bxc4 dxc4 40. R1xc4 Qd5
41. R6c5 Qa8 42. Qe3 Be4 43. Rc1 Rd8 44. g4 Kg8 45. R5c3 Rad7 46. Bd6 Qd5 47.
Rc5 Qa8 48. g5 h5 49. R1c3 Kh7 50. R5c4 Ra7 51. Qe2 Bg6 52. h4 Qd5 53. Rb4 Ra5
54. Rc5 Qa8 55. Kg3 Rxc5 56. dxc5 Qh1 57. Qf3 Qg1+ 58. Qg2 Qa1 59. Rxa4 Rc8 60.
Kh2 Rxc5 61. Bxc5 Qxe5+ 62. Qg3 Qxc5 1/2-1/2

[Event "14PCR_PF02"]
[Site "?"]
[Date "2003.??.??"]
[Round "?"]
[White "Prib, Josef"]
[Black "Trs, Jan"]
[Result "1/2-1/2"]
[WhiteElo "2100"]
[BlackElo "2060"]
[PlyCount "95"]
[EventDate "2003.??.??"]
[EventType "tourn (corr)"]
[EventRounds "2"]
[SourceDate "2004.??.??"]

1. c4 e5 2. Nc3 Nc6 3. g3 g6 4. Bg2 Bg7 5. d3 d6 6. Rb1 Nge7 7. b4 O-O 8. b5
Nd4 9. e3 Ne6 10. Nge2 f5 11. O-O f4 12. exf4 exf4 13. gxf4 a6 14. bxa6 Rxa6
15. Bxb7 Bxb7 16. Rxb7 Nf5 17. a3 Qh4 18. f3 c6 19. Ne4 Qd8 20. Kh1 d5 21. cxd5
cxd5 22. N4g3 Qa8 23. Rb4 Nd6 24. Rg1 Nc5 25. Nd4 Ra7 26. Nge2 Qc8 27. Nb5 Nxb5
28. Rxb5 Qc6 29. Rb4 Qd6 30. Ng3 Bc3 31. Rb1 Bd4 32. Rg2 Qa6 33. Ne2 Bg7 34. d4
Ne6 35. Qb3 Qa5 36. Qe3 Qa6 37. Bd2 Re8 38. Bb4 Rf7 39. Rc1 Qb5 40. Qd2 Qd7 41.
Rg4 Kh8 42. Rc3 Rb8 43. Qc2 Rf5 44. Qd3 Rf6 45. Rc1 Re8 46. Qc3 Qf7 47. Qd2 Qd7
48. Rc3 1/2-1/2

[Event "14PCR_PF02"]
[Site "?"]
[Date "2003.??.??"]
[Round "?"]
[White "Portych, Vaclav"]
[Black "Glembek, Bohumir"]
[Result "1/2-1/2"]
[WhiteElo "2060"]
[BlackElo "2115"]
[PlyCount "42"]
[EventDate "2003.??.??"]
[EventType "tourn (corr)"]
[EventRounds "2"]
[SourceDate "2004.??.??"]

1. c4 Nf6 2. Nc3 g6 3. Nf3 Bg7 4. g3 d5 5. cxd5 Nxd5 6. Bg2 c5 7. O-O Nc6 8. b3
Nxc3 9. dxc3 Qxd1 10. Rxd1 Bxc3 11. Rb1 Nb4 12. a3 Bf5 13. Bb2 Na2 14. Ra1 Bxb2
15. Rxa2 Bg7 16. Nh4 Be6 17. Bxb7 O-O 18. Bd5 Rfd8 19. Rad2 Bxd5 20. Rxd5 Rxd5
21. Rxd5 Rb8 1/2-1/2

[Event "14PCR_PF02"]
[Site "?"]
[Date "2003.??.??"]
[Round "?"]
[White "Portych, Vaclav"]
[Black "Simunek, Jiri"]
[Result "1/2-1/2"]
[WhiteElo "2060"]
[BlackElo "1800"]
[PlyCount "63"]
[EventDate "2003.??.??"]
[EventType "tourn (corr)"]
[EventRounds "2"]
[SourceDate "2004.??.??"]

1. c4 e6 2. Nc3 Bb4 3. Nf3 Nf6 4. g3 Bxc3 5. bxc3 d6 6. Bg2 O-O 7. O-O Nbd7 8.
d4 Re8 9. Qd3 e5 10. Nd2 c5 11. Rb1 Qe7 12. e4 cxd4 13. cxd4 exd4 14. Qxd4 b6
15. Bb2 Nc5 16. e5 dxe5 17. Qxe5 Qxe5 18. Bxe5 Bh3 19. Bxf6 Bxg2 20. Kxg2 gxf6
21. Nb3 Ne4 22. Rbc1 Rac8 23. Rfe1 Re5 24. Red1 Kg7 25. Rd4 Kg6 26. Rd7 a5 27.
a4 Re6 28. h3 Nc5 29. Nxc5 Rxc5 30. Rd5 Re4 31. Rxc5 bxc5 32. f4 1/2-1/2

[Event "14PCR_PF02"]
[Site "?"]
[Date "2003.??.??"]
[Round "?"]
[White "Trs, Jan"]
[Black "Pytlik, Lesek"]
[Result "0-1"]
[WhiteElo "2060"]
[BlackElo "2260"]
[PlyCount "140"]
[EventDate "2003.??.??"]
[EventType "tourn (corr)"]
[EventRounds "2"]
[SourceDate "2004.??.??"]

1. c4 Nf6 2. d4 g6 3. Nc3 Bg7 4. e4 d6 5. Nf3 O-O 6. Be2 e5 7. O-O Nc6 8. d5
Ne7 9. b4 Ne8 10. Nd2 f5 11. c5 a5 12. Ba3 fxe4 13. b5 b6 14. cxd6 cxd6 15.
Ndxe4 Nf5 16. Bg4 Qh4 17. Bc1 h6 18. f3 Ra7 19. Qe1 Qd8 20. Be3 Nxe3 21. Qxe3
Bf5 22. Rac1 Raf7 23. Bxf5 gxf5 24. Nd2 Nf6 25. Nc4 Rb7 26. Rfd1 Qb8 27. Na4
Nd7 28. Nd2 Nc5 29. Nxc5 bxc5 30. a4 Bf6 31. Qxh6 Qe8 32. Qe3 Rh7 33. f4 Qh5
34. h3 e4 35. Nb3 Kf7 36. b6 Rg7 37. b7 Rb8 38. Kh2 Rxb7 39. Nxa5 Rxg2+ 40.
Kxg2 Rb2+ 41. Rd2 Bd4 42. Rxb2 Bxe3 43. Rf1 Qg6+ 44. Kh2 Qh6 45. Nc4 Bxf4+ 46.
Kg1 Qxh3 47. Rbf2 Qg3+ 48. Kh1 Bh6 49. Rxf5+ Ke8 50. Rf6 Qh3+ 51. Kg1 Be3+ 52.
Nxe3 Qxe3+ 53. R6f2 Qg5+ 54. Rg2 Qxd5 55. a5 Qd3 56. Ra2 Qa6 57. Rb1 c4 58. Rh2
Ke7 59. Re1 c3 60. Rxe4+ Kd8 61. Rh8+ Kd7 62. Kf2 c2 63. Rh1 Qa7+ 64. Kf3 Qa8
65. a6 Qxa6 66. Kg4 Qd3 67. Ree1 d5 68. Kf4 Qc4+ 69. Kg3 d4 70. Rh7+ Kc6 0-1

[Event "14PCR_PF02"]
[Site "?"]
[Date "2003.??.??"]
[Round "?"]
[White "Simunek, Jiri"]
[Black "Nosek, Jaroslav"]
[Result "0-1"]
[WhiteElo "1800"]
[BlackElo "2275"]
[PlyCount "90"]
[EventDate "2003.??.??"]
[EventType "tourn (corr)"]
[EventRounds "2"]
[SourceDate "2004.??.??"]

1. d4 Nf6 2. c4 e6 3. Nc3 Bb4 4. Qc2 O-O 5. a3 Bxc3+ 6. Qxc3 b6 7. Bg5 Bb7 8.
Nf3 d6 9. e3 Nbd7 10. Bd3 c5 11. Be2 Qc7 12. O-O Ne4 13. Qc2 cxd4 14. exd4 d5
15. Rac1 dxc4 16. Bxc4 Rac8 17. Qd3 Qd6 18. Rfe1 Nxg5 19. Nxg5 Nf6 20. Rc3 Rfe8
21. Ba6 Rxc3 22. bxc3 Bc6 23. c4 Rd8 24. Rd1 Qf4 25. Qe3 Qf5 26. Nf3 Qa5 27.
Bb5 Bxb5 28. cxb5 Qxb5 29. Ne5 Nd5 30. Qf3 f6 31. Ng4 Qa4 32. h4 Rc8 33. Rd3
Qc2 34. Qe4 Qc1+ 35. Kh2 Qf4+ 36. Qxf4 Nxf4 37. Re3 h5 38. Re4 hxg4 39. Rxf4
Rc3 40. Rxg4 Rxa3 41. Re4 Kf7 42. f4 a5 43. Re2 a4 44. Rc2 b5 45. Rc7+ Kg6 0-1

[Event "14PCR_PF02"]
[Site "?"]
[Date "2003.??.??"]
[Round "?"]
[White "Pytlik, Lesek"]
[Black "Glembek, Bohumir"]
[Result "1-0"]
[WhiteElo "2260"]
[BlackElo "2115"]
[PlyCount "91"]
[EventDate "2003.??.??"]
[EventType "tourn (corr)"]
[EventRounds "2"]
[SourceDate "2004.??.??"]

1. e4 e5 2. Nf3 Nc6 3. Bb5 a6 4. Ba4 Nf6 5. O-O Be7 6. Re1 b5 7. Bb3 O-O 8. a4
b4 9. d3 a5 10. Bd5 Nxd5 11. exd5 Nd4 12. Nxe5 d6 13. Nc4 Bf6 14. c3 Nf5 15.
Bd2 Ne7 16. Qh5 Bb7 17. cxb4 axb4 18. Bxb4 Nxd5 19. Bd2 Re8 20. Nc3 Bxc3 21.
Bxc3 Rxe1+ 22. Rxe1 Rxa4 23. Na5 Ba8 24. Qg5 f6 25. Qf5 Ra2 26. Nb3 Kh8 27. f3
Ra7 28. Nd4 c5 29. Ne6 Qb8 30. Nf4 Nxf4 31. Qxf4 Bd5 32. Bxf6 Kg8 33. Qg5 Bb3
34. Bc3 Qf8 35. d4 Bf7 36. dxc5 dxc5 37. f4 Ra8 38. f5 c4 39. Rd1 Qc5+ 40. Kh1
Qf8 41. h3 h6 42. Qg4 Kh7 43. Rd7 Kg8 44. Qg3 Kh8 45. Qf3 Ra2 46. h4 1-0

[Event "14PCR_PF02"]
[Site "?"]
[Date "2003.??.??"]
[Round "?"]
[White "Prib, Josef"]
[Black "Portych, Vaclav"]
[Result "1/2-1/2"]
[WhiteElo "2100"]
[BlackElo "2060"]
[PlyCount "45"]
[EventDate "2003.??.??"]
[EventType "tourn (corr)"]
[EventRounds "2"]
[SourceDate "2004.??.??"]

1. c4 c5 2. Nf3 Nc6 3. d4 cxd4 4. Nxd4 Nf6 5. Nc3 e6 6. Ndb5 d5 7. cxd5 Nxd5 8.
e4 Nxc3 9. Qxd8+ Kxd8 10. Nxc3 Bc5 11. Bf4 Ke7 12. Rc1 a6 13. Bc4 Rd8 14. O-O
Bd7 15. Bc7 Rdc8 16. Bg3 b5 17. Bd3 Bd4 18. Rfd1 b4 19. Na4 Na5 20. b3 Rxc1 21.
Rxc1 e5 22. Kf1 Rc8 23. Rxc8 1/2-1/2

[Event "14PCR_PF02"]
[Site "?"]
[Date "2003.??.??"]
[Round "?"]
[White "Portych, Vaclav"]
[Black "Pytlik, Lesek"]
[Result "0-1"]
[WhiteElo "2060"]
[BlackElo "2260"]
[PlyCount "54"]
[EventDate "2003.??.??"]
[EventType "tourn (corr)"]
[EventRounds "2"]
[SourceDate "2004.??.??"]

1. c4 Nf6 2. Nc3 e5 3. Nf3 Nc6 4. g3 Bb4 5. Bg2 O-O 6. O-O e4 7. Ng5 Bxc3 8.
bxc3 Re8 9. f3 e3 10. dxe3 b6 11. e4 h6 12. Nh3 Qe7 13. Nf4 Qc5+ 14. Kh1 Qxc4
15. Nd5 Nxd5 16. exd5 Ne5 17. Qd2 c6 18. dxc6 dxc6 19. Rd1 Ba6 20. e4 Rad8 21.
Qc2 Qxc3 22. Qxc3 Rxd1+ 23. Bf1 Rxf1+ 24. Kg2 Rxf3 25. Qb2 Bd3 26. Qb4 c5 27.
Qa5 bxa5 0-1

[Event "14PCR_PF02"]
[Site "?"]
[Date "2003.??.??"]
[Round "?"]
[White "Glembek, Bohumir"]
[Black "Firla, Stanislav"]
[Result "1/2-1/2"]
[WhiteElo "2115"]
[BlackElo "2320"]
[PlyCount "88"]
[EventDate "2003.??.??"]
[EventType "tourn (corr)"]
[EventRounds "2"]
[SourceDate "2004.??.??"]

1. d4 Nf6 2. c4 c5 3. d5 b5 4. e3 g6 5. cxb5 a6 6. Nc3 Bg7 7. e4 O-O 8. a4 Bb7
9. Bc4 e6 10. Nge2 axb5 11. Bxb5 exd5 12. exd5 Na6 13. O-O Nb4 14. Nf4 Re8 15.
Be3 Re5 16. Bxc5 Nfxd5 17. Nfxd5 Nxd5 18. Bd4 Nf4 19. f3 Qg5 20. g3 Nh3+ 21.
Kg2 Nf4+ 22. Kh1 Nh5 23. Bxe5 Bxe5 24. Qc2 Bxg3 25. Ne4 Qh4 26. a5 d5 27. a6
Bxa6 28. Rxa6 Rxa6 29. Bxa6 dxe4 30. fxe4 Be5 31. Qf2 Qxe4+ 32. Qf3 Qxf3+ 33.
Rxf3 Bxb2 34. Bc4 Bf6 35. h4 Kg7 36. Kg2 Bxh4 37. Rxf7+ Kh6 38. Kf3 Nf6 39. Bd3
Kh5 40. Rb7 Be1 41. Rb1 Bc3 42. Rh1+ Kg5 43. Rg1+ Kh6 44. Rc1 Be5 1/2-1/2

[Event "14PCR_PF02"]
[Site "?"]
[Date "2003.??.??"]
[Round "?"]
[White "Trs, Jan"]
[Black "Nosek, Jaroslav"]
[Result "1-0"]
[WhiteElo "2060"]
[BlackElo "2275"]
[PlyCount "85"]
[EventDate "2003.??.??"]
[EventType "tourn (corr)"]
[EventRounds "2"]
[SourceDate "2004.??.??"]

1. e4 e6 2. d4 d5 3. Nd2 c5 4. Ngf3 cxd4 5. Nxd4 e5 6. N4f3 dxe4 7. Nxe5 Qd5 8.
f4 exf3 9. Ndxf3 Qxd1+ 10. Kxd1 Nc6 11. Bb5 Nge7 12. Re1 Be6 13. Bxc6+ bxc6 14.
Ng5 Rd8+ 15. Bd2 Rd6 16. Kc1 f6 17. Bb4 Rd5 18. Nxe6 Rxe5 19. Kd2 Kd7 20. Nc5+
Kc8 21. Nd3 Rxe1 22. Rxe1 Ng6 23. Bxf8 Rxf8 24. b4 Kc7 25. a4 a5 26. c3 Ra8 27.
Nc5 Ne5 28. Kc2 h5 29. Re4 Kb6 30. Rh4 Rh8 31. Nb3 axb4 32. a5+ Kb5 33. Rxb4+
Ka6 34. Rb6+ Ka7 35. Nc5 g6 36. h3 h4 37. Rb7+ Ka8 38. a6 Rb8 39. Re7 Rb5 40.
Ne4 f5 41. Nd6 Rd5 42. Nc8 Rb5 43. Re8 1-0

[Event "14PCR_PF02"]
[Site "?"]
[Date "2003.??.??"]
[Round "?"]
[White "Simunek, Jiri"]
[Black "Trs, Jan"]
[Result "1/2-1/2"]
[WhiteElo "1800"]
[BlackElo "2060"]
[PlyCount "95"]
[EventDate "2003.??.??"]
[EventType "tourn (corr)"]
[EventRounds "2"]
[SourceDate "2004.??.??"]

1. d4 Nf6 2. c4 g6 3. Nc3 Bg7 4. e4 d6 5. Nf3 O-O 6. Bd3 Bg4 7. O-O Nbd7 8. h3
Bxf3 9. Qxf3 c5 10. d5 Ne5 11. Qe2 Nxd3 12. Qxd3 Nd7 13. f4 Rb8 14. Be3 Qb6 15.
Rab1 Qd8 16. a3 Qb6 17. b4 Rbc8 18. Nb5 Rfe8 19. Rb3 Rf8 20. Rfb1 Rb8 21. Nc3
Qc7 22. Kh1 Rfe8 23. Nb5 Qb6 24. g4 a6 25. Nc3 Qc7 26. b5 a5 27. b6 Qd8 28. Bd2
Ra8 29. Na4 Bd4 30. Bc3 Bxc3 31. Qxc3 e6 32. dxe6 Rxe6 33. Qf3 g5 34. e5 gxf4
35. exd6 Rxd6 36. Qxf4 Rd4 37. Qc7 Rxc4 38. Rd3 Rd4 39. Rxd4 cxd4 40. Qxb7 Rc8
41. Qe4 Rc4 42. b7 Rxa4 43. Qc6 Qh4 44. Qxd7 Qxh3+ 45. Kg1 Qg3+ 46. Kh1 Qf3+
47. Kg1 Qe3+ 48. Kh2 1/2-1/2

[Event "14PCR_PF02"]
[Site "?"]
[Date "2003.??.??"]
[Round "?"]
[White "Nosek, Jaroslav"]
[Black "Glembek, Bohumir"]
[Result "1/2-1/2"]
[WhiteElo "2275"]
[BlackElo "2115"]
[PlyCount "62"]
[EventDate "2003.??.??"]
[EventType "tourn (corr)"]
[EventRounds "2"]
[SourceDate "2004.??.??"]

1. e4 e5 2. Nf3 Nc6 3. Bb5 a6 4. Ba4 Nf6 5. O-O Be7 6. Re1 b5 7. Bb3 O-O 8. c3
Bb7 9. d4 d6 10. h3 Re8 11. Nbd2 Bf8 12. a4 Na5 13. Ba2 c5 14. b4 cxb4 15. cxb4
Nc6 16. Qb3 d5 17. dxe5 Nxe5 18. Nxe5 Rxe5 19. Bb2 Re6 20. e5 Qe7 21. Red1 Ne8
22. Nf3 bxa4 23. Qxa4 Qxb4 24. Qxb4 Bxb4 25. Rxd5 Re7 26. Rd4 Bc5 27. Rc4 Rc7
28. Bd4 Rac8 29. Rxc5 Rxc5 30. Bxc5 Rxc5 31. Ng5 Bd5 1/2-1/2

[Event "14PCR_PF02"]
[Site "?"]
[Date "2003.??.??"]
[Round "?"]
[White "Pytlik, Lesek"]
[Black "Prib, Josef"]
[Result "1-0"]
[WhiteElo "2260"]
[BlackElo "2100"]
[PlyCount "49"]
[EventDate "2003.??.??"]
[EventType "tourn (corr)"]
[EventRounds "2"]
[SourceDate "2004.??.??"]

1. e4 d6 2. d4 Nf6 3. Nc3 g6 4. f4 Bg7 5. Nf3 O-O 6. Bd3 Nc6 7. O-O e5 8. fxe5
dxe5 9. d5 Nd4 10. Nxe5 Nxd5 11. Nxd5 Bxe5 12. Bf4 Nc6 13. Qd2 Be6 14. Bxe5
Nxe5 15. Nf6+ Kg7 16. Qc3 Qd6 17. Be2 c6 18. Rad1 Qc7 19. Rf2 Rad8 20. Rdf1 Qd6
21. Qg3 Bxa2 22. b3 Qc5 23. Kh1 Qd4 24. Rf5 Rfe8 25. Nxe8+ 1-0

[Event "14PCR_PF02"]
[Site "?"]
[Date "2003.??.??"]
[Round "?"]
[White "Glembek, Bohumir"]
[Black "Prib, Josef"]
[Result "1-0"]
[WhiteElo "2115"]
[BlackElo "2100"]
[PlyCount "83"]
[EventDate "2003.??.??"]
[EventType "tourn (corr)"]
[EventRounds "2"]
[SourceDate "2004.??.??"]

1. e4 d6 2. d4 Nf6 3. Nd2 e5 4. c3 exd4 5. cxd4 Be7 6. Ngf3 d5 7. e5 Ne4 8.
Bb5+ c6 9. Bd3 Bf5 10. Qe2 Nxd2 11. Bxf5 Nxf3+ 12. Qxf3 Bb4+ 13. Ke2 Na6 14. a3
Be7 15. Qb3 Qb6 16. Qxb6 axb6 17. Bd3 Nc7 18. Be3 b5 19. f4 h5 20. Rhg1 Ra7 21.
Bc2 Kd7 22. f5 b6 23. h4 b4 24. a4 Ra5 25. g4 hxg4 26. Rxg4 Ne8 27. Bf2 c5 28.
dxc5 bxc5 29. b3 Bf8 30. Bd3 Nc7 31. Rc1 Rh5 32. Kf3 Rh6 33. Rcg1 Kd8 34. Be3
Rh8 35. Rxg7 Bxg7 36. Rxg7 Ke8 37. e6 c4 38. Bc2 Nxe6 39. fxe6 cxb3 40. Bxb3
fxe6 41. Kg4 Ra6 42. h5 1-0

[Event "14PCR_PF02"]
[Site "?"]
[Date "2003.??.??"]
[Round "?"]
[White "Glembek, Bohumir"]
[Black "Trs, Jan"]
[Result "1-0"]
[WhiteElo "2115"]
[BlackElo "2060"]
[PlyCount "127"]
[EventDate "2003.??.??"]
[EventType "tourn (corr)"]
[EventRounds "2"]
[SourceDate "2004.??.??"]

1. d4 Nf6 2. c4 e6 3. Nc3 Bb4 4. e3 O-O 5. Bd2 d6 6. Bd3 e5 7. Nge2 Bxc3 8.
Bxc3 e4 9. Bc2 Bg4 10. Qd2 Bxe2 11. Qxe2 c6 12. d5 cxd5 13. Rd1 Nbd7 14. cxd5
Qe7 15. O-O Rac8 16. f3 Rfe8 17. fxe4 Nxe4 18. Bd4 Ndf6 19. Rf4 a6 20. Rdf1 h6
21. a4 Rc7 22. a5 Rf8 23. Bxe4 Nxe4 24. Qg4 f5 25. Rxf5 Rxf5 26. Rxf5 Nd2 27.
Qd1 Nc4 28. Rf3 Qe8 29. b3 Na3 30. h3 Nc2 31. Kh2 Qe7 32. Bb6 Qe5+ 33. Kg1 Rc8
34. Qd2 Na1 35. Qd3 Rc1+ 36. Rf1 Rxf1+ 37. Kxf1 Qb2 38. Qg6 Nxb3 39. Qxd6 Qb1+
40. Kf2 Qf5+ 41. Kg3 Nd2 42. Qe6+ Qxe6 43. dxe6 Nc4 44. Bd8 Nxe3 45. Kf3 Nc2
46. Bb6 Kf8 47. Bc5+ Ke8 48. Ke4 Na1 49. Bd4 Nb3 50. Bc3 g6 51. Kd5 h5 52. Kd6
Kd8 53. Ke5 Nc5 54. h4 Ke8 55. g3 Nd3+ 56. Kf6 Nc5 57. Kxg6 Nxe6 58. Kxh5 Kf7
59. g4 Nf4+ 60. Kh6 Nd5 61. Bd4 Kg8 62. h5 Nf4 63. Be5 Nd3 64. Bc7 1-0

[Event "14PCR_PF02"]
[Site "?"]
[Date "2003.??.??"]
[Round "?"]
[White "Nosek, Jaroslav"]
[Black "Firla, Stanislav"]
[Result "1-0"]
[WhiteElo "2275"]
[BlackElo "2320"]
[PlyCount "99"]
[EventDate "2003.??.??"]
[EventType "tourn (corr)"]
[EventRounds "2"]
[SourceDate "2004.??.??"]

1. e4 e5 2. Nf3 Nc6 3. Bb5 f5 4. Nc3 Nf6 5. exf5 e4 6. Ng5 d5 7. d3 exd3 8.
Qxd3 Bb4 9. Bd2 O-O 10. O-O-O Ne7 11. Qe2 Bxf5 12. a3 Bd6 13. Ne6 Bxe6 14.
Qxe6+ Kh8 15. Bd3 c6 16. Rhe1 b5 17. g4 a5 18. g5 Nh5 19. Ne2 b4 20. a4 c5 21.
Bb5 Qc7 22. f4 Rad8 23. Kb1 Nf5 24. Bc1 d4 25. Ng3 Nhxg3 26. hxg3 g6 27. Qb3
Rc8 28. Bc4 Rce8 29. Qf3 Be7 30. Qg2 Bd6 31. Rxe8 Rxe8 32. g4 Ne3 33. Bxe3 dxe3
34. f5 Bf4 35. fxg6 Bxg5 36. Qd5 Qe7 37. gxh7 Qd8 38. Qh1 Qe7 39. Qd5 Qd8 40.
Qg8+ Rxg8 41. hxg8=Q+ Qxg8 42. Bxg8 Kxg8 43. Re1 Kf7 44. Kc1 Ke6 45. Kd1 Ke5
46. Ke2 Ke4 47. Rd1 Bf6 48. b3 Bg5 49. Rd7 Kf4 50. Ra7 1-0

[Event "14PCR_PF02"]
[Site "?"]
[Date "2003.??.??"]
[Round "?"]
[White "Firla, Stanislav"]
[Black "Pytlik, Lesek"]
[Result "1/2-1/2"]
[WhiteElo "2320"]
[BlackElo "2260"]
[PlyCount "127"]
[EventDate "2003.??.??"]
[EventType "tourn (corr)"]
[EventRounds "2"]
[SourceDate "2004.??.??"]

1. e4 d6 2. d4 Nf6 3. Nc3 g6 4. f4 Bg7 5. Nf3 O-O 6. Bd3 Na6 7. O-O c5 8. d5
Bg4 9. Bc4 Nc7 10. h3 Bxf3 11. Qxf3 e6 12. dxe6 fxe6 13. Be3 Nd7 14. Qg4 Qe8
15. Nb5 Nxb5 16. Bxb5 Nf6 17. Bxe8 Nxg4 18. hxg4 Rfxe8 19. Rad1 Rad8 20. c3 b6
21. Rf2 d5 22. Rfd2 Rd7 23. Kf2 Red8 24. Ke2 h6 25. Rd3 c4 26. R3d2 Kf7 27. f5
Rd6 28. g5 hxg5 29. Bxg5 Bf6 30. Bxf6 Kxf6 31. fxg6 Kxg6 32. Ke3 Re8 33. Rf2
Rd7 34. Rf3 Rh7 35. Rdf1 Rh4 36. Rg3+ Kh5 37. exd5 exd5+ 38. Kd2 Rg4 39. Rxg4
Kxg4 40. Rf7 a5 41. Rf6 a4 42. Rxb6 Kf5 43. Rb5 Ke5 44. Rb7 Ke6 45. a3 Kd6 46.
Ra7 Rg8 47. Rxa4 Rxg2+ 48. Kc1 Rg1+ 49. Kc2 Kc6 50. Ra5 Rg2+ 51. Kb1 Rg1+ 52.
Ka2 Rg8 53. a4 Rb8 54. Ra6+ Kc5 55. Rh6 Rd8 56. Rh4 Rb8 57. Rh7 Kc6 58. Rg7 Kb6
59. Ka3 Ka5 60. Ra7+ Kb6 61. Rd7 Kc5 62. Rg7 Rb3+ 63. Ka2 Rb8 64. Rg4 1/2-1/2

[Event "14PCR_PF02"]
[Site "?"]
[Date "2003.??.??"]
[Round "?"]
[White "Firla, Stanislav"]
[Black "Prib, Josef"]
[Result "1-0"]
[WhiteElo "2320"]
[BlackElo "2100"]
[PlyCount "89"]
[EventDate "2003.??.??"]
[EventType "tourn (corr)"]
[EventRounds "2"]
[SourceDate "2004.??.??"]

1. d4 Nf6 2. c4 g6 3. Nc3 Bg7 4. e4 d6 5. h3 O-O 6. Bg5 c5 7. d5 e6 8. Bd3 exd5
9. cxd5 Re8 10. Nf3 c4 11. Bc2 b5 12. a3 Na6 13. O-O Nc5 14. Nxb5 Qb6 15. Nc3
Qxb2 16. Na4 Qb5 17. Nd4 Qa6 18. Nxc5 dxc5 19. Nb5 Qxb5 20. Bxf6 Bxf6 21. Ba4
Qb2 22. Bxe8 Qxa1 23. Qxa1 Bxa1 24. Rxa1 Rb8 25. Rc1 Ba6 26. Ba4 f6 27. f4 Kf7
28. e5 Rd8 29. Bc6 Rb8 30. Rd1 c3 31. Rc1 fxe5 32. fxe5 Rb3 33. d6 Bc4 34. Ba4
Rxa3 35. Rd1 c2 36. Bxc2 Ke8 37. Rb1 Bd5 38. Bd1 c4 39. Bg4 Rb3 40. Rf1 Rb8 41.
e6 Bxe6 42. Bxe6 c3 43. Rc1 Rb6 44. Rxc3 Rxd6 45. Bg8 1-0

[Event "14PCR_PF02"]
[Site "?"]
[Date "2003.??.??"]
[Round "?"]
[White "Prib, Josef"]
[Black "Firla, Stanislav"]
[Result "0-1"]
[WhiteElo "2100"]
[BlackElo "2320"]
[PlyCount "80"]
[EventDate "2003.??.??"]
[EventType "tourn (corr)"]
[EventRounds "2"]
[SourceDate "2004.??.??"]

1. c4 Nf6 2. Nf3 g6 3. g3 b6 4. Bg2 Bb7 5. d4 Bg7 6. O-O e6 7. Nc3 Ne4 8. Nxe4
Bxe4 9. Bg5 Qc8 10. Qd2 h6 11. Bf4 d6 12. Rac1 g5 13. Be3 c5 14. d5 exd5 15.
cxd5 Qb7 16. Nh4 Bh7 17. Nf3 Nd7 18. b3 Nf6 19. Ne1 O-O 20. h4 Ng4 21. hxg5
Nxe3 22. Qxe3 Rae8 23. Qd2 hxg5 24. Nd3 Qe7 25. e3 Qd7 26. Kh2 b5 27. Rh1 Qf5
28. Ne1 Qf6 29. Kg1 Qb2 30. Rd1 Qxd2 31. Rxd2 c4 32. Rd1 Bb2 33. Bf1 Rc8 34.
bxc4 bxc4 35. Rh2 Rc5 36. f4 Bg7 37. fxg5 Rb8 38. a3 Rb2 39. Rf2 c3 40. Bd3 c2
0-1